<?xml version="1.0" encoding="UTF-8"?>
<record
    xmlns:xsi="http://www.w3.org/2001/XMLSchema-instance"
    xsi:schemaLocation="http://www.loc.gov/MARC21/slim http://www.loc.gov/standards/marcxml/schema/MARC21slim.xsd"
    xmlns="http://www.loc.gov/MARC21/slim">

  <leader>03054    a2200217   4500</leader>
  <controlfield tag="001">23162</controlfield>
  <controlfield tag="005">20260407155520.0</controlfield>
  <controlfield tag="008">260407a1961    arg                 spa d</controlfield>
  <controlfield tag="003">AR-UNSa-BCEJYS</controlfield>
  <datafield tag="040" ind1=" " ind2=" ">
    <subfield code="a">AR-UNSa-BCEJYS</subfield>
    <subfield code="b">spa</subfield>
    <subfield code="c">AR-UNSa-BCEJYS</subfield>
  </datafield>
  <datafield tag="080" ind1=" " ind2=" ">
    <subfield code="a">330</subfield>
    <subfield code="x">Econom&#xED;a en general</subfield>
  </datafield>
  <datafield tag="245" ind1="1" ind2="0">
    <subfield code="a">Curso de econom&#xED;a moderna</subfield>
    <subfield code="p">una descripci&#xF3;n an&#xE1;litica de la realidad econ&#xF3;mica</subfield>
  </datafield>
  <datafield tag="250" ind1=" " ind2=" ">
    <subfield code="a">9a. ed</subfield>
  </datafield>
  <datafield tag="264" ind1=" " ind2="1">
    <subfield code="a">Madrid :</subfield>
    <subfield code="b">Aguilar</subfield>
    <subfield code="c">1961</subfield>
  </datafield>
  <datafield tag="300" ind1=" " ind2=" ">
    <subfield code="a">xvii, 884 p.</subfield>
    <subfield code="c">21 cm.</subfield>
  </datafield>
  <datafield tag="505" ind1=" " ind2=" ">
    <subfield code="a">Parte I : Conceptos basicos de economia y la renta nacional : 1. Introducci&#xF3;n - 2. Los problemas centrales de toda la sociedad economica - 3. Funcionamiento del sistema "mixto" de empresa capitalista - 4. Ingresos individuales y familiares - 5. Las empresas: su organizaci&#xF3;n e ingresos - 6. La funci&#xF3;n econ&#xF3;mica del estado: El gasto publico, la regulaci&#xF3;n de la actividad econ&#xF3;mica y la financiaci&#xF3;n del gasto - 7. La funci&#xF3;n econ&#xF3;mica del estado: Los impuestos federales y las haciendas locales 8. Los trabajadores y las relaciones industriales - 9. La econ&#xF3;mia individual y los seguros sociales 10. La renta y productos nacionales -  Parte II : La renta Nacional : Su determinaci&#xF3;n y sus fluctuaciones : 11. Ahorro, consumo e inversi&#xF3;n - 12. La teor&#xED;a de la determinaci&#xF3;n de la renta - 13. El ciclo econ&#xF3;mico - 14. Precios y dinero - 15. El sistema bancario y de la creaci&#xF3;n de dep&#xF3;sitos - 16. La politica monetaria de la banca central - 17. S&#xED;ntesis de la pol&#xED;tica monetaria y de la teoria de la renta - 18. Pol&#xED;tica fiscal y el pleno empleo sin inflaci&#xF3;n - Parte III: Los precios de la producci&#xF3;n nacional : su composici&#xF3;n y determinaci&#xF3;n : 19. Determinaci&#xF3;n del precio por la oferta y la demanda - 20. La oferta y la demanda - 21. La oferta y la demanda aplicadas a la agricultura - 22.La dinamica de la especulaci&#xF3;n y del riesgo - 23. La teor&#xED;a del consumo y de la demanda - 24. El equilibrio de la empresa: costes e ingresos - 25. La competencia imperfecta - Parte IV: Distribuci&#xF3;n de la renta : Formaci&#xF3;n de los precios de los factores de la producci&#xF3;n : 26. Teor&#xED;a de la producci&#xF3;n y de la productividad marginal - 27. Formaci&#xF3;n de los precios de los factores de la producci&#xF3;n: rentas de la tierra y otros recursos naturales - 28. Salarios en r&#xE9;gimenes de competencia y las negociaciones colectivas - 29. El interes y el capital - 30. Beneficios y alicientes - Parte V : El comercio y las finanzas internacionales : 31. La balaza de pagos internacionales - 32. El comercio internacional y la teoria de los costes comparativos - 33.Teor&#xED;as sobre protecci&#xF3;n arancelaria y libertad de comercio - 34. Los problemas economicos internacionales de la actualidad - Parte VI: Problemas econ&#xF3;micos actuales : 35. La teor&#xED;a econ&#xF3;mica de la tecnolog&#xED;a - 36. La Econ&#xF3;mia de guerra y defensa - 37. Problemas del crecimiento y desarrollo econ&#xF3;mico - 38. Los distintos sistemas econ&#xF3;micos.</subfield>
  </datafield>
  <datafield tag="942" ind1=" " ind2=" ">
    <subfield code="c">BK</subfield>
  </datafield>
  <datafield tag="590" ind1=" " ind2=" ">
    <subfield code="a">niveau_biblio:m niveau_hierar:0</subfield>
  </datafield>
  <datafield tag="100" ind1="1" ind2=" ">
    <subfield code="a">Samuelson, Paul A.</subfield>
  </datafield>
  <datafield tag="700" ind1="1" ind2=" ">
    <subfield code="a">Sampedro, Jos&#xE9; Luis</subfield>
  </datafield>
  <datafield tag="999" ind1=" " ind2=" ">
    <subfield code="c">1087</subfield>
    <subfield code="d">1087</subfield>
  </datafield>
  <datafield tag="952" ind1=" " ind2=" ">
    <subfield code="0">0</subfield>
    <subfield code="1">0</subfield>
    <subfield code="4">0</subfield>
    <subfield code="7">0</subfield>
    <subfield code="a">BCEJYS</subfield>
    <subfield code="b">BCEJYS</subfield>
    <subfield code="c">16</subfield>
    <subfield code="d">2026-04-07</subfield>
    <subfield code="l">0</subfield>
    <subfield code="o">330 S187c 9ed.</subfield>
    <subfield code="p">L20323</subfield>
    <subfield code="r">2026-04-07 15:55:20</subfield>
    <subfield code="w">2026-04-07</subfield>
    <subfield code="y">L</subfield>
  </datafield>
</record>
